[Event "45 MFSz im. A.Rubinsteina - B"]
[Site "Polanica Zdroj"]
[Date "2009.08.23"]
[Round "6.34"]
[White "Stepniewski, Jerzy"]
[Black "Wozniak, Grzegorz"]
[Result "1/2-1/2"]
[WhiteElo "1814"]
[BlackElo "1570"]
[PlyCount "82"]
[EventDate "2009.??.??"]

1. Nf3 c5 2. c4 Nc6 3. Nc3 g6 4. b3 Bg7 5. a3 d6 6. Bb2 e5 7. d3 Nge7 8. h3 O-O
9. e3 h6 10. Qc2 Be6 11. e4 Nd4 12. Nxd4 exd4 13. Ne2 f5 14. Nf4 Bf7 15. Nd5
Nxd5 16. exd5 Re8+ 17. Be2 Qg5 18. O-O Qf6 19. Bf3 Re7 20. b4 b6 21. Bc1 Rae8
22. Bd2 g5 23. Rae1 Rxe1 24. Rxe1 Rxe1+ 25. Bxe1 Qe7 26. Kf1 Be8 27. b5 Bf6 28.
Qd1 Bg6 29. Qe2 Qxe2+ 30. Kxe2 h5 31. g3 Kg7 32. Bg2 Be8 33. Bd2 Kg6 34. f4 g4
35. hxg4 hxg4 36. a4 Bd7 37. Be1 Kf7 38. Kd1 Ke8 39. Kc1 Kd8 40. a5 Kc7 41. a6
Kc8 1/2-1/2

[Event "45 MFSz im. A.Rubinsteina - B"]
[Site "Polanica Zdroj"]
[Date "2009.08.23"]
[Round "6.36"]
[White "Ziemba, Artur"]
[Black "Duszenko, Michal"]
[Result "0-1"]
[WhiteElo "1638"]
[BlackElo "1785"]
[PlyCount "168"]
[EventDate "2009.??.??"]

1. d4 Nf6 2. c4 c5 3. d5 b5 4. cxb5 a6 5. Nc3 axb5 6. e4 b4 7. Nb5 d6 8. Bf4 g6
9. e5 Nh5 10. exd6 exd6 11. Qe2+ Kd7 12. Be3 Ba6 13. O-O-O Qa5 14. g4 Ng7 15.
Kb1 Kc8 16. Bc1 Bxb5 17. Qxb5 Qxa2+ 18. Kc2 Qa4+ 19. Qxa4 Rxa4 20. Nf3 Ne8 21.
Bb5 b3+ 22. Kd3 c4+ 23. Ke2 Ra7 24. Bxc4 Bg7 25. Rd3 Nf6 26. h3 Nbd7 27. Bxb3
Nc5 28. Rc3 Nfe4 29. Rc2 Ra1 30. Re1 Kd7 31. Bc4 Rb8 32. Ng1 Bd4 33. f3 Ng3+
34. Kd2 Rb4 35. Ne2 Nxe2 36. Kxe2 Raa4 37. Bd3 Rb3 38. Rd1 Ra2 39. Bc4 Rbxb2
40. Bxb2 Rxb2 41. Rxb2 Bxb2 42. Rd2 Be5 43. Ra2 g5 44. Ra7+ Ke8 45. Bb5+ Kf8
46. Bc4 Ke8 47. Kd2 Kf8 48. Kc2 Kg7 49. Bb5 Kf8 50. Bc4 Kg7 51. Kb1 Kf8 52. Ka2
Kg7 53. Ka3 Bc3 54. Bb5 Kf8 55. Ra8+ Kg7 56. Rd8 Be5 57. Kb4 Kf6 58. Rc8 Ke7
59. Rc7+ Kf8 60. Kc4 Bb2 61. Rc8+ Ke7 62. Rc7+ Kf8 63. Bd7 Be5 64. Bf5 h6 65.
Bd7 Bb2 66. Bb5 Be5 67. Rc8+ Ke7 68. Rc7+ Kf8 69. Kb4 Bb2 70. Bc4 Be5 71. Kb5
Bd4 72. Kc6 Be5 73. Ra7 Bf4 74. Ra8+ Kg7 75. Kc7 Be5 76. Kd8 Kf8 77. Kc7+ Kg7
78. Rd8 Kf6 79. Rxd6+ Ke7 80. Kc6 Bxd6 81. Kb5 Nd7 82. Be2 Ne5 83. Ka4 Bc5 84.
Kb3 Kd6 0-1

[Event "45 MFSz im. A.Rubinsteina - B"]
[Site "Polanica Zdroj"]
[Date "2009.08.23"]
[Round "6.37"]
[White "Korcz, Daniel"]
[Black "Wolski, Jerzy"]
[Result "1-0"]
[WhiteElo "1743"]
[BlackElo "1993"]
[PlyCount "55"]
[EventDate "2009.??.??"]

1. e4 e6 2. d4 d5 3. exd5 exd5 4. Bd3 Nf6 5. Nf3 Bg4 6. O-O Be7 7. Re1 O-O 8.
Bg5 Nc6 9. c3 Re8 10. Nbd2 Qd7 11. Qc2 h6 12. Bh4 Nh5 13. Bxe7 Rxe7 14. Rxe7
Qxe7 15. Re1 Qd7 16. h3 Be6 17. Nh4 Ne7 18. Ndf3 g5 19. Ne5 Qc8 20. Nhf3 Nf4
21. Bf1 Nc6 22. Nxc6 bxc6 23. Ne5 Bf5 24. Qa4 Qf8 25. Qxc6 Rb8 26. Qf6 Be6 27.
Nc6 Rxb2 28. Rxe6 1-0

[Event "45 MFSz im. A.Rubinsteina - B"]
[Site "Polanica Zdroj"]
[Date "2009.08.23"]
[Round "6.38"]
[White "Gabrys, Sebastian"]
[Black "Zysko, Teresa"]
[Result "1-0"]
[WhiteElo "1877"]
[BlackElo "1699"]
[PlyCount "53"]
[EventDate "2009.??.??"]

1. e4 c5 2. Nf3 e6 3. d4 cxd4 4. Nxd4 a6 5. Bd3 Nf6 6. O-O Nc6 7. Be3 Qc7 8.
Kh1 d5 9. Nc3 Ne5 10. Bf4 Bc5 11. Nf3 Nfg4 12. h3 Nxd3 13. Qxd3 Qxf4 14. hxg4
h5 15. g5 dxe4 16. Nxe4 Be7 17. Rad1 O-O 18. g3 Qc7 19. Kg2 b5 20. Rh1 Rd8 21.
Qe2 Bb7 22. Rxd8+ Rxd8 23. Rxh5 Qc6 24. Rh4 b4 25. Ne5 Qb5 26. Qh5 Bxe4+ 27.
Kh2 1-0

[Event "45 MFSz im. A.Rubinsteina - B"]
[Site "Polanica Zdroj"]
[Date "2009.08.23"]
[Round "6.39"]
[White "Oszczanowski, Witold"]
[Black "Pac, Maciej"]
[Result "1-0"]
[WhiteElo "1679"]
[BlackElo "1830"]
[PlyCount "63"]
[EventDate "2009.??.??"]

1. e4 c5 2. Nf3 d6 3. d4 cxd4 4. Nxd4 Nf6 5. Nc3 a6 6. Bg5 e6 7. f4 Be7 8. Qf3
Nbd7 9. O-O-O Qc7 10. Bd3 b5 11. Rhe1 Bb7 12. Qg3 b4 13. Nd5 $3 exd5 14. exd5
Kd8 15. Nc6+ Bxc6 16. dxc6 Nc5 17. Bh4 g6 18. Qe3 Ne6 19. Bc4 Qa7 20. Qd2 Qc5
21. Bxe6 fxe6 22. Rxe6 Rf8 23. Rde1 Kc7 24. Rxe7+ Kxc6 25. Bf2 Qc4 26. b3 Qb5
27. R7e6 Rad8 28. Bh4 Nd5 29. Bxd8 Rxd8 30. Qd4 Qa5 31. Qc4+ Kb6 32. R1e5 1-0

[Event "45 MFSz im. A.Rubinsteina - B"]
[Site "Polanica Zdroj"]
[Date "2009.08.23"]
[Round "6.40"]
[White "Kowara, Magdalena"]
[Black "Szczurek, Natalia"]
[Result "1-0"]
[WhiteElo "1826"]
[BlackElo "1738"]
[PlyCount "67"]
[EventDate "2009.??.??"]

1. e4 d5 2. exd5 Qxd5 3. d4 Nf6 4. Nc3 Qd6 5. Nf3 Bg4 6. Be2 e6 7. h3 Bh5 8.
O-O Nc6 9. Nb5 Qd7 10. c4 a6 11. Nc3 Rd8 12. Be3 Bb4 13. Qb3 Bxc3 14. bxc3 b6
15. Rfd1 O-O 16. Bg5 Qe7 17. Rd2 Na5 18. Qa4 c5 19. Rb1 Rd6 20. Bf4 Ne4 21.
Bxd6 Qxd6 22. Rc2 cxd4 23. cxd4 Bg6 24. Bd3 Nc5 25. dxc5 Qxd3 26. Rbc1 Qd8 27.
Rd2 Qc7 28. cxb6 Qxb6 29. Ne5 Qc5 30. Nd7 Qg5 31. Nxf8 Qxd2 32. Rd1 Qg5 33. Qe8
f6 34. Nxg6# 1-0

[Event "45 MFSz im. A.Rubinsteina - B"]
[Site "Polanica Zdroj"]
[Date "2009.08.23"]
[Round "6.41"]
[White "Chmielewska, Joanna"]
[Black "Wozniak, Bartosz"]
[Result "0-1"]
[WhiteElo "1713"]
[BlackElo "1770"]
[PlyCount "76"]
[EventDate "2009.??.??"]

1. e4 c5 2. Nf3 Nc6 3. Bb5 Nf6 4. d3 Qa5+ 5. Nc3 Nd4 6. Bc4 b5 7. Bb3 Nxb3 8.
cxb3 Bb7 9. O-O d6 10. Re1 e6 11. Bg5 Be7 12. e5 dxe5 13. Nxe5 Rd8 14. Qe2 O-O
15. Ne4 Bxe4 16. dxe4 Qb6 17. Rad1 Qb7 18. f4 h6 19. Bh4 a6 20. Qf3 Qc7 21. Nd3
Rd4 22. e5 Nh7 23. Bf2 Rd5 24. Rc1 Rc8 25. Nb4 Rd2 26. Qe3 Rcd8 27. Nxa6 Qa5
28. Nxc5 Qxa2 29. Ne4 Rxb2 30. Qb6 Qa8 31. Nd6 Bxd6 32. exd6 Rd2 33. Qxb5 R2xd6
34. b4 Nf6 35. Bc5 Rd2 36. Re2 Ne4 37. Be3 Nc3 38. Bxd2 Nxb5 0-1

[Event "45 MFSz im. A.Rubinsteina - B"]
[Site "Polanica Zdroj"]
[Date "2009.08.23"]
[Round "6.42"]
[White "Klimek, Marcin"]
[Black "Wrzalek, Piotr"]
[Result "1-0"]
[WhiteElo "1701"]
[BlackElo "1600"]
[PlyCount "51"]
[EventDate "2009.??.??"]

1. e4 c5 2. Nf3 e6 3. c4 Nc6 4. g3 g6 5. d4 cxd4 6. Nxd4 Bg7 7. Be3 Nge7 8. Nc3
a6 9. Bg2 O-O 10. O-O Nxd4 11. Bxd4 Nc6 12. Bxg7 Kxg7 13. b3 Qc7 14. f4 f6 15.
Qd2 Qb6+ 16. Kh1 Nd4 17. Rad1 e5 18. fxe5 fxe5 19. Rxf8 Kxf8 20. Qh6+ Kg8 21.
Nd5 Qd8 22. Rf1 a5 23. Nf6+ Kf7 24. Qxh7+ Ke6 25. Qxg6 Kd6 26. Ne8+ 1-0

[Event "45 MFSz im. A.Rubinsteina - B"]
[Site "Polanica Zdroj"]
[Date "2009.08.23"]
[Round "6.43"]
[White "Ostalska, Natalia"]
[Black "Szymczak, Paula"]
[Result "1-0"]
[WhiteElo "1530"]
[BlackElo "1674"]
[PlyCount "59"]
[EventDate "2009.??.??"]

1. e4 g6 2. d4 d6 3. Nf3 Bg7 4. Be3 Nf6 5. Nbd2 O-O 6. c3 Nbd7 7. Be2 e5 8.
dxe5 dxe5 9. Qc2 Ng4 10. Nc4 b5 11. h3 Nxe3 12. Nxe3 a6 13. Rd1 c6 14. c4 Qa5+
15. Qd2 Qb6 16. O-O Nc5 17. Qc2 f5 18. exf5 Bxf5 19. Nxf5 Rxf5 20. b4 Nb7 21.
Bd3 Rh5 22. Be4 a5 23. cxb5 cxb5 24. Rd7 Nd8 25. Bxa8 Ne6 26. Bd5 Rf5 27. Re7
Rf6 28. Qc8+ Bf8 29. Bxe6+ Kh8 30. Ng5 1-0

[Event "45 MFSz im. A.Rubinsteina - B"]
[Site "Polanica Zdroj"]
[Date "2009.08.23"]
[Round "6.44"]
[White "Kwasniewski, Pawel"]
[Black "Kustal, Emilia"]
[Result "0-1"]
[WhiteElo "1470"]
[BlackElo "1603"]
[PlyCount "58"]
[EventDate "2009.??.??"]

1. d4 Nf6 2. c4 e6 3. Nf3 Bb4+ 4. Bd2 Bxd2+ 5. Nbxd2 d5 6. e3 O-O 7. Bd3 dxc4
8. Nxc4 b6 9. O-O Bb7 10. Re1 Nbd7 11. Ncd2 c5 12. Rc1 Qe7 13. Qc2 Rfc8 14. Qb1
h6 15. Ne4 Nxe4 16. Bxe4 Bxe4 17. Qxe4 Nf6 18. Qd3 Rc7 19. dxc5 Rxc5 20. Rxc5
Qxc5 21. Qd4 Rc8 22. Qxc5 Rxc5 23. Kf1 Rc2 24. Re2 Rc1+ 25. Re1 Rc8 26. Nd4 Ne4
27. f3 Nd6 28. b3 Kf8 29. Ke2 e5 0-1

[Event "45 MFSz im. A.Rubinsteina - B"]
[Site "Polanica Zdroj"]
[Date "2009.08.23"]
[Round "6.46"]
[White "Dadello, Aleksandra"]
[Black "Kowalczyk, Adam"]
[Result "1-0"]
[WhiteElo "1731"]
[BlackElo "1745"]
[PlyCount "79"]
[EventDate "2009.??.??"]

1. e4 c5 2. Nf3 e6 3. d4 cxd4 4. Nxd4 Nc6 5. Nc3 Qc7 6. Be2 Nf6 7. O-O a6 8.
Kh1 Bb4 9. f3 O-O 10. Bg5 Be7 11. f4 h6 12. Bxf6 Bxf6 13. e5 Be7 14. Nxc6 dxc6
15. Bd3 c5 16. Qh5 c4 17. Be4 Bd7 18. Rf3 f5 19. exf6 Rxf6 20. Raf1 Raf8 21. f5
b5 22. fxe6 Rxf3 23. Rxf3 Be8 24. Rxf8+ Kxf8 25. Qf5+ Bf6 26. Nd5 Qe5 27. Nxf6
Qxf6 28. Qxf6+ gxf6 29. Kg1 Ke7 30. Bf5 Bc6 31. Kf2 Bd5 32. Kg3 Bc6 33. Kh4
Bxg2 34. Kh5 Bd5 35. Kxh6 Bxe6 36. Bxe6 Kxe6 37. h4 f5 38. Kg5 Ke5 39. h5 f4
40. h6 1-0

[Event "45 MFSz im. A.Rubinsteina - B"]
[Site "Polanica Zdroj"]
[Date "2009.08.24"]
[Round "7.2"]
[White "Szadkowski, Krzysztof"]
[Black "Golek, Jagoda"]
[Result "1/2-1/2"]
[WhiteElo "2100"]
[BlackElo "2040"]
[PlyCount "60"]
[EventDate "2009.??.??"]

1. e4 d6 2. d4 Nf6 3. Nc3 c6 4. f4 Qa5 5. Bd3 e5 6. Nf3 Bg4 7. dxe5 dxe5 8.
fxe5 Nfd7 9. h3 Bxf3 10. gxf3 Nxe5 11. f4 Ng6 12. Qg4 Qd8 13. Bd2 Qh4+ 14. Qxh4
Nxh4 15. Kf2 Ng6 16. e5 Nd7 17. Be3 Nc5 18. Be2 a5 19. h4 h5 20. Rad1 Be7 21.
Kg3 Rd8 22. Bxc5 Bxc5 23. Ne4 Be7 24. Rxd8+ Kxd8 25. Bc4 Ke8 26. a4 Rf8 27. Be2
Rh8 28. Bc4 Rf8 29. Bd3 Rh8 30. Nd2 Bc5 {
zawodnicy zgodzili sie na remis po 47 posunieciach.} 1/2-1/2

[Event "45 MFSz im. A.Rubinsteina - B"]
[Site "Polanica Zdroj"]
[Date "2009.08.24"]
[Round "7.3"]
[White "Solnicki, Michal"]
[Black "Tomsia, Kamil"]
[Result "1/2-1/2"]
[WhiteElo "2031"]
[BlackElo "2103"]
[PlyCount "45"]
[EventDate "2009.??.??"]

1. d4 f5 2. g3 Nf6 3. Bg2 d5 4. c4 e6 5. Nc3 c6 6. Bf4 Bd6 7. Nf3 O-O 8. Bxd6
Qxd6 9. Ne5 Nbd7 10. f4 b6 11. cxd5 exd5 12. Qb3 Kh8 13. Rc1 Bb7 14. O-O Ne4
15. Nxe4 fxe4 16. Nxd7 Qxd7 17. Rc2 Rfc8 18. Qb4 Rc7 19. Rfc1 Rac8 20. e3 Ba6
21. Rc3 h6 22. Qa3 Bd3 23. b4 1/2-1/2

[Event "45 MFSz im. A.Rubinsteina - B"]
[Site "Polanica Zdroj"]
[Date "2009.08.24"]
[Round "7.4"]
[White "Klepaczka, Tomasz"]
[Black "Dowgird, Filip"]
[Result "1/2-1/2"]
[WhiteElo "2085"]
[BlackElo "2011"]
[PlyCount "47"]
[EventDate "2009.??.??"]

1. e4 e6 2. d4 d5 3. Nd2 Nc6 4. c3 dxe4 5. Nxe4 Qd5 6. Qc2 e5 7. dxe5 Nxe5 8.
Be3 Bg4 9. f3 Bd7 10. Qd2 Ne7 11. Rd1 Bc6 12. Qd4 O-O-O 13. Be2 Qxd4 14. Bxd4
Bxe4 15. Bxe5 Bd5 16. c4 Be6 17. Rxd8+ Kxd8 18. Kd2 Nc6 19. Bc3 Bb4 20. f4 Ke7
21. Bd3 Rd8 22. Kc2 Nd4+ 23. Bxd4 Rxd4 24. Ne2 1/2-1/2

[Event "45 MFSz im. A.Rubinsteina - B"]
[Site "Polanica Zdroj"]
[Date "2009.08.24"]
[Round "7.5"]
[White "Blaszkiewicz, Mateusz"]
[Black "Zadlo, Tomasz"]
[Result "1/2-1/2"]
[WhiteElo "1898"]
[BlackElo "2076"]
[PlyCount "64"]
[EventDate "2009.??.??"]

1. e4 c5 2. Nf3 d6 3. d4 cxd4 4. Nxd4 Nf6 5. Nc3 a6 6. Bg5 e6 7. f4 Qb6 8. Qd2
Be7 9. O-O-O Nbd7 10. Be2 Qc7 11. g4 b5 12. a3 Bb7 13. Rhe1 O-O 14. Bxb5 axb5
15. Ndxb5 Qc5 16. e5 dxe5 17. fxe5 Nxe5 18. b4 Nc4 19. bxc5 Nxd2 20. Rxd2 Bxc5
21. Bxf6 gxf6 22. Rd7 Bxa3+ 23. Nxa3 Rxa3 24. Kb2 Bc6 25. Kxa3 Bxd7 26. Ne4
Ra8+ 27. Kb2 Kg7 28. Rf1 f5 29. gxf5 exf5 30. Rg1+ Kf8 31. Nf6 Ke7 32. Nxh7 Ra4
1/2-1/2

[Event "45 MFSz im. A.Rubinsteina - B"]
[Site "Polanica Zdroj"]
[Date "2009.08.24"]
[Round "7.6"]
[White "Betkowski, Andrzej"]
[Black "Mondrzycki, Bartlomiej"]
[Result "1-0"]
[WhiteElo "2184"]
[BlackElo "2021"]
[PlyCount "75"]
[EventDate "2009.??.??"]

1. e4 c5 2. Nf3 Nc6 3. d4 cxd4 4. Nxd4 Nf6 5. Nc3 d6 6. Be2 e5 7. Nf3 h6 8. O-O
Be7 9. Re1 O-O 10. h3 Be6 11. Bf1 Nb8 12. b3 a6 13. a4 Nbd7 14. Bb2 Rc8 15. Nd2
Qa5 16. Nc4 Bxc4 17. Bxc4 Nb6 18. Nd5 Nfxd5 19. Bxd5 Nxd5 20. exd5 f5 21. c4 f4
22. Ba3 Qc7 23. Rc1 Bh4 24. Qg4 Be7 25. Qe6+ Rf7 26. c5 dxc5 27. Rxe5 Bd6 28.
Rf5 Rcf8 29. Bb2 Kh7 30. Rxf7 Rxf7 31. b4 f3 32. gxf3 Re7 33. Qf5+ Kg8 34. bxc5
Bxc5 35. d6 Qxd6 36. Rxc5 Qd1+ 37. Kg2 Re1 38. Rc7 1-0

[Event "45 MFSz im. A.Rubinsteina - B"]
[Site "Polanica Zdroj"]
[Date "2009.08.24"]
[Round "7.7"]
[White "Mazalon, Mariusz"]
[Black "Szusterowski, Radoslaw"]
[Result "0-1"]
[WhiteElo "2167"]
[BlackElo "1969"]
[PlyCount "92"]
[EventDate "2009.??.??"]

1. Nf3 Nf6 2. g3 d5 3. Bg2 c5 4. O-O Nc6 5. d3 g6 6. Nc3 Bg7 7. Bg5 O-O 8. Nd2
Be6 9. e4 d4 10. Ne2 Nd7 11. Nf3 f6 12. Bd2 Bf7 13. c4 dxc3 14. Bxc3 e5 15. b3
Nb6 16. Qc2 Rc8 17. Rfd1 Qd6 18. Nd2 Nd4 19. Bxd4 cxd4 20. Qb2 Qb4 21. Rab1 Nd7
22. Bh3 Rc7 23. a3 Qe7 24. Rbc1 Nc5 25. Nc4 b5 26. Na5 Bh6 27. f4 g5 28. b4 Na4
29. Qd2 gxf4 30. gxf4 Bh5 31. Rxc7 Qxc7 32. Rc1 Qf7 33. Kf2 Bxe2 34. Qxe2 Kh8
35. Rc8 Rxc8 36. Bxc8 Bxf4 37. h3 Nc3 38. Qc2 Qg6 39. Bg4 h5 40. Kf3 hxg4+ 41.
hxg4 Qh6 42. Qg2 Qh4 43. Nc6 Qe1 44. g5 Qd1+ 45. Kf2 Qe2+ 46. Kg1 Qxg2+ 0-1

[Event "45 MFSz im. A.Rubinsteina - B"]
[Site "Polanica Zdroj"]
[Date "2009.08.24"]
[Round "7.8"]
[White "Szadkowski, Kamil"]
[Black "Jurkowski, Marcin"]
[Result "1/2-1/2"]
[WhiteElo "2167"]
[BlackElo "1984"]
[PlyCount "63"]
[EventDate "2009.??.??"]

1. e4 c5 2. Nf3 d6 3. d4 cxd4 4. Nxd4 Nf6 5. Nc3 a6 6. Bg5 Nbd7 7. Qf3 e6 8.
O-O-O Qc7 9. Be2 Be7 10. Rhe1 h6 11. Bh4 Ne5 12. Qh3 b5 13. Bxf6 Bxf6 14. f4 b4
15. fxe5 dxe5 16. Nxe6 Bxe6 17. Nd5 Bxd5 18. Rxd5 O-O 19. Rd7 Qa5 20. Qb3 Rad8
21. Rxd8 Rxd8 22. Bc4 Rd7 23. Bd5 Qc5 24. Qa4 Rc7 25. Rf1 Kh7 26. Kb1 Qe3 27.
Qxa6 Qd2 28. Qd3 Qxg2 29. Rd1 Qxh2 30. Bb3 Qg2 31. Qd6 Qe2 32. Rd2 1/2-1/2

[Event "45 MFSz im. A.Rubinsteina - B"]
[Site "Polanica Zdroj"]
[Date "2009.08.24"]
[Round "7.9"]
[White "Skawinski, Arkadiusz"]
[Black "Mucha, Magdalena"]
[Result "1-0"]
[WhiteElo "2153"]
[BlackElo "1787"]
[PlyCount "31"]
[EventDate "2009.??.??"]

1. e4 c5 2. c3 Nf6 3. e5 Nd5 4. d4 cxd4 5. Nf3 Nc6 6. Bc4 Nb6 7. Bb3 d5 8. exd6
Qxd6 9. O-O dxc3 10. Nxc3 Be6 11. Nb5 Qb8 12. Bxe6 fxe6 13. Re1 e5 14. Nxe5
Nxe5 15. Bf4 Nbd7 16. Rc1 1-0

[Event "45 MFSz im. A.Rubinsteina - B"]
[Site "Polanica Zdroj"]
[Date "2009.08.24"]
[Round "7.10"]
[White "Kacprzak, Robert"]
[Black "Lach, Piotr"]
[Result "0-1"]
[WhiteElo "1906"]
[BlackElo "2148"]
[PlyCount "94"]
[EventDate "2009.??.??"]

1. d4 f5 2. g3 Nf6 3. Bg2 g6 4. Nh3 Bg7 5. Nf4 e6 6. c4 O-O 7. Nc3 Qe7 8. O-O
d6 9. Qb3 c6 10. d5 Kh8 11. dxe6 Na6 12. Qc2 Bxe6 13. Nxe6 Qxe6 14. b3 Ne4 15.
Bxe4 fxe4 16. Be3 Rf5 17. Rac1 Re8 18. Kg2 Rh5 19. Rh1 Qh3+ 20. Kg1 Qe6 21. Qd2
b6 22. Rd1 Kg8 23. Bd4 Bh6 24. e3 c5 25. Nb5 cxd4 26. Qxd4 Bg7 27. Qxd6 Qxd6
28. Rxd6 Bf8 29. Rd7 Re7 30. Rxe7 Bxe7 31. Nxa7 Nb4 32. Kg2 Ra5 33. Nc8 Bc5 34.
Rd1 Nd3 35. a4 Ra8 36. b4 Rxc8 37. bxc5 Rxc5 38. f3 Ne5 39. fxe4 Rxc4 40. a5
bxa5 41. Rd5 Rxe4 42. Rxa5 Rxe3 43. Ra7 Re2+ 44. Kh3 h5 45. Rb7 g5 46. Re7 g4+
47. Kh4 Ng6+ 0-1

[Event "45 MFSz im. A.Rubinsteina - B"]
[Site "Polanica Zdroj"]
[Date "2009.08.24"]
[Round "7.12"]
[White "Usatiuk, Igor"]
[Black "Szusterowski, Przemyslaw"]
[Result "0-1"]
[WhiteElo "2061"]
[BlackElo "1750"]
[PlyCount "62"]
[EventDate "2009.??.??"]

1. d4 Nf6 2. c4 c5 3. d5 e6 4. Nc3 exd5 5. cxd5 d6 6. Nf3 g6 7. e4 Bg7 8. Bb5+
Nbd7 9. a4 a6 10. Bd3 O-O 11. Bg5 Qc7 12. Qe2 Re8 13. O-O Nb6 14. Nd2 Nbxd5 15.
Nxd5 Nxd5 16. Qf3 Nb4 17. Bc4 Be6 18. Qb3 Bxc4 19. Qxc4 Qc6 20. Be3 Bxb2 21.
Rab1 Bg7 22. Rfc1 Qxa4 23. Bf4 Rad8 24. Qe2 Nd5 25. Bg5 Nc3 26. Rxc3 Bxc3 27.
Bxd8 Rxd8 28. Nc4 b5 29. Nb6 Qd4 30. Nd5 Re8 31. h3 Qxd5 0-1

[Event "45 MFSz im. A.Rubinsteina - B"]
[Site "Polanica Zdroj"]
[Date "2009.08.24"]
[Round "7.13"]
[White "Latocha, Aleksander"]
[Black "Gromczak, Dariusz"]
[Result "0-1"]
[WhiteElo "1867"]
[BlackElo "2057"]
[PlyCount "76"]
[EventDate "2009.??.??"]

1. e4 c5 2. Nf3 Nc6 3. d4 cxd4 4. Nxd4 Nf6 5. Nc3 g6 6. Bg5 Bg7 7. Nb3 d6 8.
Be2 a6 9. O-O h6 10. Bh4 O-O 11. f4 b5 12. Bf3 b4 13. Nd5 Nxd5 14. exd5 Na5 15.
Nd4 Bd7 16. c3 bxc3 17. bxc3 Rc8 18. Rc1 Rc4 19. Re1 Re8 20. Bf2 Qc7 21. Be2
Rxc3 22. Rxc3 Qxc3 23. Bxa6 Bf6 24. Re2 Ra8 25. Qd3 Qc1+ 26. Re1 Qxf4 27. g3
Qg4 28. Re4 Qh5 29. g4 Qxd5 30. Nb3 Qxd3 31. Bxd3 Nxb3 32. axb3 Ra1+ 33. Bf1
Rb1 34. b4 Bb5 35. Re1 Rxb4 36. h3 Bxf1 37. Kxf1 Rf4 38. Kg2 Rxf2+ 0-1

[Event "45 MFSz im. A.Rubinsteina - B"]
[Site "Polanica Zdroj"]
[Date "2009.08.24"]
[Round "7.14"]
[White "Wiewiora, Eneasz"]
[Black "Musialkiewicz, Pawel"]
[Result "1/2-1/2"]
[WhiteElo "2056"]
[BlackElo "1838"]
[PlyCount "25"]
[EventDate "2009.??.??"]

1. d4 d5 2. c4 c6 3. Nc3 e6 4. e4 dxe4 5. Nxe4 Bb4+ 6. Bd2 Qxd4 7. Bxb4 Qxe4+
8. Be2 Na6 9. Bd6 Qxg2 10. Qd2 Bd7 11. O-O-O Nf6 12. Bf3 Qg6 13. Qe3 1/2-1/2

[Event "45 MFSz im. A.Rubinsteina - B"]
[Site "Polanica Zdroj"]
[Date "2009.08.24"]
[Round "7.15"]
[White "Bednarski, Dawid"]
[Black "Ziebinski, Bartosz"]
[Result "1/2-1/2"]
[WhiteElo "1799"]
[BlackElo "2045"]
[PlyCount "29"]
[EventDate "2009.??.??"]

1. e4 c5 2. Nf3 d6 3. d4 cxd4 4. Nxd4 Nf6 5. Nc3 a6 6. Bg5 e6 7. f4 Nbd7 8. Bc4
Qa5 9. Qe2 Nc5 10. Bxf6 gxf6 11. O-O b5 12. Bd5 Bb7 13. Bxb7 Nxb7 14. Kh1 Qb6
15. Rad1 1/2-1/2

[Event "45 MFSz im. A.Rubinsteina - B"]
[Site "Polanica Zdroj"]
[Date "2009.08.24"]
[Round "7.16"]
[White "Kozera, Aleksandra"]
[Black "Goluch, Piotr"]
[Result "1-0"]
[WhiteElo "1788"]
[BlackElo "2040"]
[PlyCount "65"]
[EventDate "2009.??.??"]

1. e4 c5 2. Nf3 d6 3. d4 cxd4 4. Nxd4 Nf6 5. Nc3 Nc6 6. Be3 Bd7 7. Be2 g6 8.
Qd2 Bg7 9. O-O-O O-O 10. f3 Qa5 11. g4 Rfc8 12. h4 Ne5 13. Nb3 Qd8 14. h5 Nc4
15. Bxc4 Rxc4 16. hxg6 hxg6 17. Bh6 Qf8 18. Bxg7 Qxg7 19. Rh6 Rac8 20. Rdh1 b5
21. Na5 R4c5 22. a3 a6 23. Kb1 Rb8 24. Nb3 Rc4 25. Nd5 Nxd5 26. Qxd5 Be6 27.
Qg5 f6 28. Qh4 Kf8 29. Rh7 g5 30. Qf2 Qg6 31. R1h6 Qe8 32. Qh2 Bg8 33. Rxf6+
1-0

[Event "45 MFSz im. A.Rubinsteina - B"]
[Site "Polanica Zdroj"]
[Date "2009.08.24"]
[Round "7.17"]
[White "Dzieczkaniec, Piotr"]
[Black "Lukasiewicz, Aleksander"]
[Result "0-1"]
[WhiteElo "2031"]
[BlackElo "1852"]
[PlyCount "48"]
[EventDate "2009.??.??"]

1. e4 e5 2. f4 Bc5 3. Nf3 d6 4. Bc4 Nc6 5. d3 Nf6 6. Nc3 Bg4 7. Na4 Bb6 8. Nxb6
axb6 9. O-O Na5 10. fxe5 Bxf3 11. Qxf3 dxe5 12. Bg5 Nxc4 13. Bxf6 Qxf6 14. Qxf6
gxf6 15. dxc4 Ke7 16. a3 Rad8 17. Rad1 Rxd1 18. Rxd1 Ra8 19. Rd3 Rg8 20. Kf2
Rg5 21. a4 f5 22. exf5 Rxf5+ 23. Ke2 Rh5 24. h3 Rg5 {
czarne wygraly po 47 ruchach.} 0-1

[Event "45 MFSz im. A.Rubinsteina - B"]
[Site "Polanica Zdroj"]
[Date "2009.08.24"]
[Round "7.18"]
[White "Jarus, Grzegorz"]
[Black "Wasik, Piotr"]
[Result "0-1"]
[WhiteElo "1860"]
[BlackElo "1976"]
[PlyCount "50"]
[EventDate "2009.??.??"]

1. d4 d5 2. Nf3 Nf6 3. c4 c6 4. Nc3 a6 5. a4 e6 6. c5 a5 7. Bf4 b6 8. cxb6 Qxb6
9. Qc2 Ba6 10. e3 Bxf1 11. Kxf1 Nbd7 12. Ke2 Nh5 13. Bg3 Be7 14. Rac1 Nxg3+ 15.
hxg3 g6 16. g4 Rb8 17. Rb1 Qb3 18. Qd3 O-O 19. Rh3 Rbc8 20. Nd2 Qb6 21. Nf3 Bf6
22. Rhh1 e5 23. dxe5 Bxe5 24. Qd1 Bf6 25. Nd4 Ne5 {
czarne wygraly po 50 posunieciach.} 0-1

[Event "45 MFSz im. A.Rubinsteina - B"]
[Site "Polanica Zdroj"]
[Date "2009.08.24"]
[Round "7.19"]
[White "Galyga, Jozef"]
[Black "Malec, Robert"]
[Result "1/2-1/2"]
[WhiteElo "1956"]
[BlackElo "1810"]
[PlyCount "63"]
[EventDate "2009.??.??"]

1. e4 c5 2. Nf3 Nc6 3. d3 g6 4. g3 Bg7 5. Bg2 d6 6. O-O e5 7. Nbd2 Nge7 8. c3
O-O 9. a3 f5 10. b4 Rb8 11. Bb2 f4 12. Qb3+ Kh8 13. Ng5 Qe8 14. Ne6 Bxe6 15.
Qxe6 Rf6 16. Qb3 Qd7 17. Nf3 Rbf8 18. h3 h6 19. g4 R6f7 20. Rad1 Qc7 21. Kh2 b6
22. h4 Nc8 23. Bh3 Kh7 24. g5 h5 25. Rd2 Rd8 26. Rfd1 Rff8 27. d4 N8e7 28. d5
Nb8 29. c4 Nd7 30. b5 Ra8 31. Bc3 a5 32. a4 1/2-1/2

[Event "45 MFSz im. A.Rubinsteina - B"]
[Site "Polanica Zdroj"]
[Date "2009.08.24"]
[Round "7.20"]
[White "Wozniak, Dawid"]
[Black "Skiba, Marta"]
[Result "0-1"]
[WhiteElo "1894"]
[BlackElo "1729"]
[PlyCount "94"]
[EventDate "2009.??.??"]

1. d4 Nf6 2. c4 c5 3. d5 b5 4. cxb5 a6 5. bxa6 g6 6. e3 Bxa6 7. Bxa6 Qa5+ 8.
Nc3 Qxa6 9. Nge2 Bg7 10. O-O d6 11. Qc2 O-O 12. Rd1 Nbd7 13. b3 Rfb8 14. Bb2 c4
15. Nd4 Nc5 16. b4 Rxb4 17. Nc6 Rb7 18. e4 Nfxe4 19. Nxe4 Rxb2 20. Nxc5 Rxc2
21. Nxa6 Bxa1 22. Rxa1 e6 23. Nab4 Rd2 24. Kf1 Kf8 25. Ke1 Rb2 26. dxe6 fxe6
27. a4 Ke8 28. a5 Kd7 29. a6 d5 30. a7 Kd6 31. Ra6 Kc5 32. Ra5+ Kb6 33. Ra1 Kb5
34. Ra5+ Kb6 35. Ra6+ Kb5 36. Ra5+ Kb6 37. Ra1 Kb5 38. Nd4+ Kxb4 39. Nxe6 c3
40. Nc7 c2 41. Nxd5+ Kc4 42. Ne3+ Kb3 43. Kd2 Rb1 44. Nxc2 Rd8+ 45. Ke3 Rxa1
46. Nxa1+ Kb2 47. Kf4 Kxa1 0-1

[Event "45 MFSz im. A.Rubinsteina - B"]
[Site "Polanica Zdroj"]
[Date "2009.08.24"]
[Round "7.21"]
[White "Cukrowski, Filip"]
[Black "Witek, Tomasz"]
[Result "0-1"]
[WhiteElo "1854"]
[BlackElo "2138"]
[PlyCount "40"]
[EventDate "2009.??.??"]

1. e4 e6 2. d4 d5 3. Nc3 Bb4 4. e5 c5 5. a3 Bxc3+ 6. bxc3 Ne7 7. h4 Qc7 8. Nf3
Bd7 9. h5 h6 10. Bd3 Nbc6 11. O-O Na5 12. Re1 Ba4 13. Bd2 Nc4 14. Qe2 b5 15.
dxc5 Qxc5 16. Bxc4 Qxc4 17. Qxc4 dxc4 18. Nd4 Nd5 19. f4 a5 20. Rf1 O-O {
czarne wygraly po 47 ruchach.} 0-1